Landlocked Countries by Inland Water - Statistics

General Stats
  • This quiz has been taken 41 times
  • The average score is 36 of 43
Answer Stats
Inland water amount Nation % Correct
Afghanistan Afghanistan
94%
135 Austria
91%
Lesotho Lesotho
91%
383 Nepal
91%
1817 Turkmenistan
91%
Andorra Andorra
88%
28 Bhutan
88%
1528 Bolivia
88%
2480 Chad
88%
815 Kyrgyzstan
88%
945 Paraguay
88%
167 Rwanda
88%
259 Tajikistan
88%
4103 Uganda
88%
2200 Uzbekistan
88%
215 Burundi
85%
250 Hungary
85%
2520 Kazakhstan
85%
600 Laos
85%
Liechtenstein Liechtenstein
85%
2000 Mali
85%
1056 Mongolia
85%
30 Niger
85%
177 Switzerland
85%
1500 Botswana
82%
Luxembourg Luxembourg
82%
95 Slovakia
82%
469 Belarus
79%
62 Burkina Faso
79%
Central African Republic C.A.R.
79%
San Marino San Marino
79%
90 Serbia
79%
922 Zambia
79%
127 Armenia
76%
10430 Ethiopia
76%
2420 Malawi
76%
97 Moldova
76%
Vatican City Vatican City
76%
391 Zimbabwe
76%
394 Azerbaijan
71%
164 Czechia
71%
49 Former Yugoslav Republic of Macedonia
71%
16 Swaziland
56%
No matching quizzes found
Score Distribution
Percent of People with Each Score
Percentile by Number Answered
Your Score History
You have not taken this quiz